Orthopedic physical assessment / (رقم التسجيلة. 21152)
[ عرض عادي ]
| 000 -الفاتح | |
|---|---|
| حقل البيانات ثابتة الطول | 00931cam a2200301 a 4500 |
| 001 - رقم الضبط | |
| رقم الضبط | 16732223 |
| 003 - محدد رقم الضبط | |
| رقم الضبط | OSt |
| 005 - وقت وتاريخ اخر تعامل مع التسجيلة | |
| رقم الضبط | 20150408114010.0 |
| 008 - عناصر البيانات ثابتة الطول - معلومات عامة | |
| حقل البيانات ثابتة الطول | 110412s2008 moua b 001 0 eng |
| 010 ## - رقم ضبط مكتبة الكونجرس | |
| رقم ضبط مكتبة الكونجرس | 2010481688 |
| 020 ## - الرقم الدولى المعيارى للكتب | |
| الرقم الدولى المعيارى للكتاب | 9780721605715 |
| 020 ## - الرقم الدولى المعيارى للكتب | |
| الرقم الدولى المعيارى للكتاب | 0721605710 |
| 040 ## - مصدر الفهرسة | |
| وكالة الفهرسة الأصلية | DLC |
| وكالة النسخ | DLC |
| وكالة التعديل | DLC |
| 042 ## - رمز التحقق | |
| رمز التحقق | pcc |
| 050 00 - رقم طلب مكتبة الكونجرس | |
| رقم التصنيف | RD734 |
| رقم المادة | .M34 2008 |
| 082 00 - رقم تصنيف ديوى العشرى | |
| رقم التصنيف | 616.7075 |
| رقم الطبعة | 23 |
| 100 1# - المدخل الرئيسى - إسم شخصى | |
| الإسم الشخصى | Magee, David J. |
| 9 (RLIN) | 10173 |
| 245 10 - بيان العنوان | |
| العنوان | Orthopedic physical assessment / |
| بيان المسئوليه,etc | David J. Magee. |
| 250 ## - بيان الطبعة | |
| بيان الطبعة | 5th ed. |
| 260 ## - PUBLICATION, DISTRIBUTION, ETC. (IMPRINT) | |
| مكان الناشر او الموزع | St. Louis, Mo. : |
| اسم الناشر او الموزع | Saunders Elsevier, |
| تاريخ النشر أو التوزيع | c2008. |
| 300 ## - الوصف المادى | |
| التعداد | xi, 1138 p. : |
| تفاصيل ماديه اخرى للوعاء | ill. (some col.) ; |
| أبعاد الوعاء | 29 cm. + |
| المادة المصاحبة | 1 CD-ROM (4 3/4 in.) |
| 504 ## - تبصرة ببليوجرافية | |
| تبصرة ببليوجرافية,الخ | Includes bibliographical references and index. |
| 650 #0 - المدخل الاضافى بالموضوع-مصطلح موضوعى | |
| مصطلح موضوعي أو اسم جغرافي كعنصر مدخل | Orthopedics |
| التقسيم الفرعي العام | Diagnosis. |
| 9 (RLIN) | 10174 |
| 650 #0 - المدخل الاضافى بالموضوع-مصطلح موضوعى | |
| مصطلح موضوعي أو اسم جغرافي كعنصر مدخل | Physical diagnosis. |
| 9 (RLIN) | 5591 |
| 650 #0 - المدخل الاضافى بالموضوع-مصطلح موضوعى | |
| مصطلح موضوعي أو اسم جغرافي كعنصر مدخل | Physical orthopedic tests. |
| 9 (RLIN) | 10175 |
| 942 ## - عناصر المدخل الإضافي( كوها) | |
| مصدر التصنيف او مخطط الترفيف | Dewey Decimal Classification |
| Koha [default] item type | كتاب |
| حالة الفقد | نموذج السعر الفعال | حالة تلف | ليس للاعارة | رقم الطلب | تاريخ الاكتساب | الموقع الحالي | الباركود | الفرع الرئيسي | Date last checked out | Date last seen | مُعار | نوع المادة فى نظام كوها | مصدر التصنيف او خطة الترفيف | Total Checkouts | Total Renewals |
|---|---|---|---|---|---|---|---|---|---|---|---|---|---|---|---|
| 2013-10-30 | 616.7075 MDO | 2013-10-30 | المكتبة المركزية بالمجمعة (CL) | 00402901 | المكتبة المركزية بالمجمعة (CL) | 2017-02-23 | 2017-05-23 | كتاب | Dewey Decimal Classification | 1 | 1 | ||||
| 2013-10-30 | 616.7075 MDO | 2013-10-30 | المكتبة المركزية بالمجمعة (CL) | 00402902 | المكتبة المركزية بالمجمعة (CL) | 2013-10-30 | كتاب | Dewey Decimal Classification | |||||||
| 2013-10-30 | 616.7075 MDO | 2013-10-30 | المكتبة المركزية بالمجمعة (CL) | 00402903 | المكتبة المركزية بالمجمعة (CL) | 2014-10-27 | 2015-02-05 | كتاب | Dewey Decimal Classification | 2 | |||||
| 2013-03-10 | 616.7075 M D O | 2012-04-04 | مكتبة كلية العلوم الطبية التطبيقية بالمجمعة - طالبات (AMF) | 00025878 | مكتبة كلية العلوم الطبية التطبيقية بالمجمعة - طالبات (AMF) | 2024-08-27 | 2024-08-27 | 2024-09-26 | كتاب | Dewey Decimal Classification | 1 | ||||
| 2013-10-30 | 616.7075 MDO | 2013-10-30 | مكتبة كلية العلوم الطبية التطبيقية بالمجمعة - طالبات (AMF) | 00402904 | مكتبة كلية العلوم الطبية التطبيقية بالمجمعة - طالبات (AMF) | 2013-10-30 | كتاب | Dewey Decimal Classification | |||||||
| 2013-10-30 | 616.7075 MDO | 2013-10-30 | مكتبة كلية العلوم الطبية التطبيقية بالمجمعة - طالبات (AMF) | 00402905 | مكتبة كلية العلوم الطبية التطبيقية بالمجمعة - طالبات (AMF) | 2024-08-27 | 2024-11-06 | كتاب | Dewey Decimal Classification | 1 | |||||
| 2013-10-30 | 616.7075 MDO | 2013-10-30 | مكتبة مجمع الطالبات بالمجمعة (EMF) | 00402906 | مكتبة كلية العلوم الطبية التطبيقية بالمجمعة - طالبات (AMF) | 2019-03-27 | كتاب | Dewey Decimal Classification |
